| 000 | nam a22 7a 4500 | ||
|---|---|---|---|
| 999 |
_c126885 _d126885 |
||
| 008 | 170904b xxu||||| |||| 00| 0 eng d | ||
| 050 | _aPG3456.L3 | ||
| 100 |
_aChekhov, Anton _935579 |
||
| 245 |
_aLady with lapdog and other stories _c/ Anton Chekhov |
||
| 260 |
_aMiddlesex, England _bPenguin Books _c1964 |
||
| 300 |
_a281p. ; _c19cm. |
||
| 440 |
_aPenguin Classics _935587 |
||
| 710 |
_aMagarshack, David _etr. _935580 |
||
| 942 |
_2lcc _cMONOGRAPH |
||